DCP <Ein> Betriebssystem für 16-bit-Personalcomputer

Saved in:
Bibliographic Details
Main Author: Kalfa, Winfried
Format: Book
Language:German
Published: Leipzig Fachbuchverlag 1989
Edition:1. Aufl.
Series:Computerpraxis
Tags: Add Tag
No Tags, Be the first to tag this record!

MARC

LEADER 00000nam a2200000 4500
001 c028509
005 20221215124245.8
041 0 |a ger 
044 |a DE 
245 1 0 |a DCP  |b <Ein> Betriebssystem für 16-bit-Personalcomputer  |c Winfried Kalfa 
250 |a 1. Aufl. 
264 1 |a Leipzig  |b Fachbuchverlag  |c 1989 
300 |a 200 s. 
490 1 |a Computerpraxis 
830 0 |a Computerpraxis 
100 1 |a Kalfa, Winfried